000
00274nam a22001217a 4500
008
170602b xxu||||| |||| 00| 0 eng d
041
_a
eng
080
_a
94(4)
100
_a
17
101
_a
SHH
245
_a
EUPOE AND THE MODERN WORLD
_c
STOKES.G
942
_2
udc
_c
BK
999
_c
15641
_d
15641